Ato administrativo : (Record no. 479)

MARC details
000 -LÍDER
Campo Fixo de Controle 00815nam a2200253 a 4500
001 - NÚMERO DE CONTROLE
Campo de Controle 479
003 - IDENTIFICAÇÃO DO NÚMERO DE CONTROLE
Campo de Controle BR-CuiBMT
005 - DATA E HORA DA ÚLTIMA ATUALIZAÇÃO
Campo de Controle 20231107213949.0
008 - DADOS FIXOS
Dados Fixos 230919s2007 mgba 001 0 por d
020 ## - INTERNATIONAL STANDARD BOOK NUMBER
Nº do ISBN 9788577000401
040 ## - AGÊNCIA CATALOGADORA
Código da Agência Catalogadora BR-CuiBMT
Agência que transcreveu o registro BR-CuiBMT
080 ## - Nº DA CLASSIFICAÇÃO DECIMAL UNIVERSAL
Nº Class. CDU 35.077.2
Nº edição CDU 2007
090 ## - NÚMERO DE CHAMADA
Nº classificação 35.077.2
Cutter F866a
100 10 - ENTRADA PRINCIPAL -- AUTOR PESSOAL
Nome pessoal Freitas, Ney José de
245 00 - TÍTULO PRINCIPAL
Título principal Ato administrativo :
Subtítulo presunção de validade e a questão do ônus da prova /
Indicação de responsabilidade Ney José de Freitas; prefácio Romeu Felipe Bacellar Filho.
260 ## - PUBLICAÇÃO, DISTRIBUIÇÃO, ETC.
Local de publicação Belo Horizonte :
Editora Fórum,
Data 2007.
300 ## - DESCRIÇÃO FÍSICA
N. páginas ou volumes 159 p. ;
Ilustrações il. :
Dimensões 22 cm
504 ## - NOTA DE BIBLIOGRAFIA, ETC.
Nota de bibliografia Inclui bibliografia.
650 ## - ASSUNTO TÓPICO
Cabeçalho tópico ou nome geográfico Direito administrativo
Subdivisão geográfica Brasil
650 ## - ASSUNTO TÓPICO
Cabeçalho tópico ou nome geográfico Atos administrativos
650 ## - ASSUNTO TÓPICO
Cabeçalho tópico ou nome geográfico Princípio constitucional
Subdivisão geral Brasil
650 ## - ASSUNTO TÓPICO
Cabeçalho tópico ou nome geográfico Presunção legal
942 ## - ELEMENTOS DE ENTRADA ADICIONAIS (KOHA)
Fonte de classificação ou esquema de arquivamento Classificação Decimal Universal
Tipo de item do Koha Livros
Holdings
Estado: removido Estado: perdido Fonte de classificação ou esquema de arquivamento Estado: danificado Indisponível para empréstimo Localização permanente Localização atual Data de aquisição Total Checkouts Número de Chamada completo Código de barras Date last seen Número do exemplar Preço efetivo a partir de Tipo de item (Koha)
    Classificação Decimal Universal     Biblioteca da Escola Superior de Contas do TCE/MT Biblioteca da Escola Superior de Contas do TCE/MT 23/09/2008   35.077.2 F866a BIBTCEMT23110238 07/11/2023 Ex. 1 07/11/2023 Livros

Powered by Koha